000 00752nam a22002417a 4500
003 UA-OsUOA
001 49784
007 ta
008 20140127b un ||||| |||| 00| 0 ukr d
100 _aМарунчак М.
090 _a94(477).152 К
_bМ29
942 _cBK
040 _aUA-OsUOA
_bukr
_cUA-OsUOA
_dUA-OsUOA
245 _aВ зустрічі з українськими піонерами Алберти
300 _a88 с.
955 _a1
041 _aukr
080 _a94(477).152 К
260 _aВінніпег
_bУКТ
_c1964
650 7 _a9 Географія. Біографії. Історія
_2UDC
999 _c429911
_d429911